OPERATIONS MANAGEMENT (Record no. 24331)
[ view plain ]
| 000 -LEADER | |
|---|---|
| fixed length control field | 00228nam a22001217a 4500 |
| 003 - CONTROL NUMBER IDENTIFIER | |
| control field | SGT |
| 082 ## - DEWEY DECIMAL CLASSIFICATION NUMBER | |
| Classification number | 658.5 |
| Item number | STE |
| 100 ## - MAIN ENTRY--PERSONAL NAME | |
| Personal name | STEXENSON,W |
| 245 ## - TITLE STATEMENT | |
| Title | OPERATIONS MANAGEMENT |
| 250 ## - EDITION STATEMENT | |
| Edition statement | 9TH |
| 260 ## - PUBLICATION, DISTRIBUTION, ETC. (IMPRINT) | |
| Place of publication, distribution, etc | TMH |
| 942 ## - ADDED ENTRY ELEMENTS (KOHA) | |
| Source of classification or shelving scheme | Dewey Decimal Classification |
| Koha item type | CDs & DVDs |
| Withdrawn status | Lost status | Source of classification or shelving scheme | Damaged status | Not for loan | Home library | Current library | Date acquired | SGTU | Total Checkouts | Full call number | Accession No. (Barcode) | Date last seen | Bill Date | Koha item type |
|---|---|---|---|---|---|---|---|---|---|---|---|---|---|---|
| Dewey Decimal Classification | SGT Science & Social Sciences Library | SGT Science & Social Sciences Library | 20/07/2023 | SGTU | 658.5 STE | ACD42 | 20/07/2023 | 20/07/2023 | CDs & DVDs |